000 00379nam a2200133Ia 4500
008 220214s9999 xx 000 0 und d
245 0 _aKerala Karshakan
260 _bFarm Information Bureau
_aTrivandrum
310 _aM
500 _aEnding Volume & Year: , 2000
500 _aMissing Volume: 6-8;11;14;17-21incomplete
500 _aStarting Volume & Year: 5, 1955
942 _cBJ
999 _c5100
_d5100